<?xml version="1.0" encoding="UTF-8"?>
<record
    xmlns:xsi="http://www.w3.org/2001/XMLSchema-instance"
    xsi:schemaLocation="http://www.loc.gov/MARC21/slim http://www.loc.gov/standards/marcxml/schema/MARC21slim.xsd"
    xmlns="http://www.loc.gov/MARC21/slim">

  <leader>01190nam a22002537a 4500</leader>
  <controlfield tag="005">20170124103107.0</controlfield>
  <datafield tag="010" ind1=" " ind2=" ">
    <subfield code="a">B-079451</subfield>
  </datafield>
  <datafield tag="020" ind1=" " ind2=" ">
    <subfield code="c">00.00</subfield>
  </datafield>
  <datafield tag="035" ind1=" " ind2=" ">
    <subfield code="a">B-079451</subfield>
  </datafield>
  <datafield tag="037" ind1=" " ind2=" ">
    <subfield code="b">Cen Lib/Ret</subfield>
  </datafield>
  <datafield tag="040" ind1=" " ind2=" ">
    <subfield code="a">DPL</subfield>
    <subfield code="b">HN</subfield>
  </datafield>
  <datafield tag="082" ind1=" " ind2=" ">
    <subfield code="a">239.1</subfield>
    <subfield code="b">&#x930;&#x93E;&#x91C;&#x93F;&#x928;&#x94D;&#x926;</subfield>
  </datafield>
  <datafield tag="100" ind1=" " ind2=" ">
    <subfield code="a">&#x930;&#x93E;&#x91C;&#x93F;&#x928;&#x94D;&#x926;&#x930; &#x938;&#x93F;&#x902;&#x939; </subfield>
    <subfield code="9">78779</subfield>
  </datafield>
  <datafield tag="245" ind1=" " ind2=" ">
    <subfield code="a">&#x906;&#x927;&#x941;&#x928;&#x93F;&#x915; &#x92F;&#x941;&#x917; &#x92E;&#x947;&#x902; &#x906;&#x927;&#x94D;&#x92F;&#x93E;&#x924;&#x94D;&#x92E; /</subfield>
    <subfield code="c">&#x930;&#x93E;&#x91C;&#x93F;&#x928;&#x94D;&#x926;&#x930; &#x938;&#x93F;&#x902;&#x939; </subfield>
  </datafield>
  <datafield tag="246" ind1=" " ind2=" ">
    <subfield code="a">Adhunik yug me aadhyatm /</subfield>
    <subfield code="b">by Rajindar Singh </subfield>
  </datafield>
  <datafield tag="260" ind1=" " ind2=" ">
    <subfield code="a">&#x926;&#x93F;&#x932;&#x94D;&#x932;&#x940; </subfield>
    <subfield code="b">&#x938;&#x93E;&#x935;&#x928;-&#x915;&#x943;&#x92A;&#x93E;&#x932; &#x92A;&#x92C;&#x94D;&#x932;&#x93F;&#x915;&#x947;&#x936;&#x928;&#x94D;&#x938; &#x938;&#x94D;&#x92A;&#x93F;&#x930;&#x93F;&#x91A;&#x941;&#x905;&#x932; &#x938;&#x94B;&#x938;&#x93E;&#x907;&#x91F;&#x940; </subfield>
    <subfield code="c">2005</subfield>
  </datafield>
  <datafield tag="270" ind1=" " ind2=" ">
    <subfield code="a">&#x915;&#x943;&#x92A;&#x93E;&#x932; &#x906;&#x936;&#x94D;&#x930;&#x92E; &#x938;&#x902;&#x924; &#x915;&#x943;&#x92A;&#x93E;&#x932; &#x938;&#x93F;&#x902;&#x939; &#x92E;&#x93E;&#x930;&#x94D;&#x917;, &#x935;&#x93F;&#x91C;&#x92F; &#x928;&#x917;&#x930; </subfield>
    <subfield code="b">&#x926;&#x93F;&#x932;&#x94D;&#x932;&#x940; </subfield>
    <subfield code="e">110009</subfield>
  </datafield>
  <datafield tag="300" ind1=" " ind2=" ">
    <subfield code="a">152&#x92A;&#x943;. </subfield>
    <subfield code="c">20&#x938;&#x947;&#x92E;&#x940;(&#x938;&#x91C;&#x93F;&#x932;&#x94D;&#x926;)</subfield>
  </datafield>
  <datafield tag="650" ind1=" " ind2=" ">
    <subfield code="a">&#x906;&#x927;&#x94D;&#x92F;&#x93E;&#x924;&#x94D;&#x92E;&#x93F;&#x915;&#x924;&#x93E;</subfield>
    <subfield code="9">560</subfield>
  </datafield>
  <datafield tag="650" ind1=" " ind2=" ">
    <subfield code="a">&#x906;&#x927;&#x94D;&#x92F;&#x93E;&#x924;&#x94D;&#x92E;&#x93F;&#x915;&#x924;&#x93E; - &#x90F;&#x915; &#x935;&#x93F;&#x91C;&#x94D;&#x91E;&#x93E;&#x928; </subfield>
    <subfield code="9">78780</subfield>
  </datafield>
  <datafield tag="650" ind1=" " ind2=" ">
    <subfield code="a">Spirituality </subfield>
    <subfield code="9">558</subfield>
  </datafield>
  <datafield tag="650" ind1=" " ind2=" ">
    <subfield code="a">Spirituality - a science</subfield>
    <subfield code="9">78781</subfield>
  </datafield>
  <datafield tag="942" ind1=" " ind2=" ">
    <subfield code="2">ddc</subfield>
    <subfield code="c">HN</subfield>
    <subfield code="h">239.1</subfield>
    <subfield code="m">&#x930;&#x93E;&#x91C;&#x93F;&#x928;&#x94D;&#x926;</subfield>
  </datafield>
  <datafield tag="999" ind1=" " ind2=" ">
    <subfield code="c">118191</subfield>
    <subfield code="d">118191</subfield>
  </datafield>
  <datafield tag="952" ind1=" " ind2=" ">
    <subfield code="0">0</subfield>
    <subfield code="1">0</subfield>
    <subfield code="4">0</subfield>
    <subfield code="7">0</subfield>
    <subfield code="a">L</subfield>
    <subfield code="b">L</subfield>
    <subfield code="d">2015-09-10</subfield>
    <subfield code="e">Cen Lib/Ret</subfield>
    <subfield code="g">0.00</subfield>
    <subfield code="l">1</subfield>
    <subfield code="o">239.1 &#x930;&#x93E;&#x91C;&#x93F;&#x928;&#x94D;&#x926;</subfield>
    <subfield code="p">B-079451</subfield>
    <subfield code="r">2018-07-09 00:00:00</subfield>
    <subfield code="s">2018-06-27</subfield>
    <subfield code="t">1</subfield>
    <subfield code="v">0.00</subfield>
    <subfield code="w">2015-09-10</subfield>
    <subfield code="y">HN</subfield>
  </datafield>
</record>
